| 000 | 00686nam a22001697a 4500 | ||
|---|---|---|---|
| 008 | 160502b xxu||||| |||| 00| 0 eng d | ||
| 082 |
_22010 _aUT 0196 _bP19 |
||
| 100 |
_97246 _aPaquibulan, Efren A. _bJr. |
||
| 245 |
_aThe utilization of motorcycles in the lifestyles of the residents of Digos City/ _cEfren A. Paquibulan Jr., Janelyn A. Navarro, Delmors S. Damgo and Yumiko T. Orate. |
||
| 260 |
_aDigos City: _bUMDC _cMarch 2010. |
||
| 300 |
_a44 pages; _c28 cm. |
||
| 650 | 0 |
_97245 _aBusiness Administration _vMarketing Management _xUndergraduate thesis. |
|
| 700 |
_97242 _aNavarro, Janelyn A. |
||
| 700 |
_97243 _aDamgo, Delmor S. |
||
| 700 |
_97244 _aOrate, Yumiko T. |
||
| 942 |
_2ddc _cUT |
||
| 999 |
_c2216 _d2216 |
||